000 01957nam0a2200361 i 4500
001 RU\NLR\BIBL_A\010468334
005 20260408095337.0
010 _a9785880452354
_9500
021 _aRU
_b2014-54460
_93291
035 _a(NILC)RuMoRGB-007524120
035 _a(NLR Aleph) 010468334
090 _a10012961
_c10012961
100 _a20140930d2014 km y0rusy50 ca
101 0 _arus
102 _aRU
105 _aa|||z|||000zy
200 1 _aРазвитие социокультурного пространства : теория и практика поддержки населения
_eсборник научных студенческих работ
_fМосковский гор. пед. ун-т, Социальный ин-т
_g[под ред. А. М. Егорычева и К. И. Чижовой]
210 _aМосква
_cПерспектива
_d2014
215 _a120 с.
_cил.
_d21
320 _aБиблиогр. в конце ст.
601 0 2 _aМосковский городской педагогический университет
_bСоциальный институт
_jСборники
_xНаучно-исследовательская работа студентов
_92247601
_3RU\NLR\AUTH\6601579202
606 _aСоциокультурное пространство
_jСборники
_92169666
_3RU\NLR\AUTH\661305223
606 1 _aУчащиеся
_jСборники
_xВоспитание
_92097222
_3RU\NLR\AUTH\661572311
686 1 _aС550.2я43
686 1 _aЧ313я43
686 1 _aЧ489.511.268я43
702 1 _aЕгорычев
_bА. М.
_gАлександр Михайлович
_4340
712 0 2 _4570
_aМосковский городской педагогический университет
_bСоциальный институт
_9358918
_3RU\NLR\AUTH\8810236794
801 0 _aRU
_bРГБ
_c20140723
_gRCR
942 _cBOOK
980 _aNBR